Estadísticas para Capital : País - África

Haz click aquí para intentar la prueba.

Estadísticas generales

  • Esta prueba ha sido intentada 3.265 veces
  • La puntuación promedio es 32 de 54

Estadísticas de respuestas

CapitalPaís% Correcto
CairoEgipto
99%
TúnezTúnez
96%
Pretoria, Ciudad del Cabo,
y Bloemfontein
Sudáfrica
95%
YibutiYibuti
94%
ArgelArgelia
91%
RabatMarruecos
91%
TrípoliLibia
87%
Santo ToméSanto Tomé y Príncipe
87%
NairobiKenia
86%
DakarSenegal
83%
BisáuGuinea-Bissau
78%
AntananarivoMadagascar
76%
Adís AbebaEtiopía
74%
KinsasaR. D. Congo
70%
JartumSudán
69%
AbuyaNigeria
66%
MogadiscioSomalia
66%
LuandaAngola
65%
MaputoMozambique
62%
AcraGhana
61%
PraiaCabo Verde
59%
KampalaUganda
59%
ConakriGuinea
58%
BrazzavilleRepública del Congo
58%
MonroviaLiberia
56%
YaundéCamerún
55%
LibrevilleGabón
54%
VictoriaSeychelles
54%
WindhoekNamibia
53%
FreetownSierra Leona
53%
UagadugùBurkina Faso
52%
BamakoMalí
51%
NiameyNíger
51%
NuakchotMauritania
50%
LoméTogo
49%
HarareZimbabue
49%
MalaboGuinea Ecuatorial
48%
YubaSudán del Sur
47%
DodomaTanzania
47%
AsmaraEritrea
46%
Port LouisMauricio
46%
GaboroneBotsuana
45%
YamenaChad
45%
Porto-Novo o
Cotonu
Benín
44%
YamusukroCosta de Marfil
44%
KigaliRuanda
44%
BanguiRepública
Centroafricana
43%
MoroniComoras
42%
LusakaZambia
42%
BanjulGambia
40%
LilongüeMalaui
40%
GitegaBurundi
39%
MaseruLesoto
39%
MbabaneSuazilandia
39%

Distribución de puntuación

Porcentaje por número respondido

Porcentaje de gente con cada puntuación

Historial de tus puntuaciones

No has intentado esta prueba.